00706nam a2200193 a 450000100100000000500170001000800410002702000150006804000250008308200210010810000280012924500880015726000490024530000350029449000410032950000740037050400270044483000410047100004321720201002040730.0140225s2001 pr 000 0 spa d a1563280175 aDO-SdBNPbspacBNPHU axxxbT594L, 20011 aTió, Salvador,d1911-10aLengua mayor :bensayos sobre el español de aquí y de allá /cSalvador Tió. aSan Juan, Puerto Rico :bPlaza Mayor,c2001. axvii, 188 p. :bil., ;c24 cm.1 aBiblioteca de autores de Puerto Rico aIncluye referencias bibliográficas y notas al pie de las páginas. aBibliografía : p. 42 0aBiblioteca de autores de Puerto Rico